| 000 | 00434nam a22001577a 4500 | ||
|---|---|---|---|
| 005 | 20160427153244.0 | ||
| 008 | 160427b xxu||||| |||| 00| 0 eng d | ||
| 020 | _a81-2591464-1 | ||
| 041 | _aeng | ||
| 082 | _b00402 | ||
| 100 |
_aKshatriy, S.S. _9136 |
||
| 245 | _aSilicon Valley Greats: Indians who made a Difference to Technology and the world | ||
| 260 |
_aNew Delhi _bVikas Publishing House, _c2003 |
||
| 300 | _a286 | ||
| 942 | _cBK | ||
| 999 |
_c125 _d125 |
||